El grabador Rafael Esteve, 1772-1847 (Record no. 189535)

MARC details
000 -LEADER
campo de control de longitud fija 01115nam a2200265 i 4500
001 - NÚMERO DE CONTROL
campo de control 189535
003 - IDENTIFICADOR DE NÚMERO DE CONTROL
campo de control SpMaBN
005 - FECHA Y HORA DE LA ÚLTIMA TRANSACCIÓN
campo de control 20250818234635.0
008 - DATOS DE LONGITUD FIJA--INFORMACIÓN GENERAL
campo de control de longitud fija 190607s1986 sp a |||| |dspa d
020 ## - NÚMERO INTERNACIONAL ESTÁNDAR DEL LIBRO
Número Internacional Estándar del Libro 84-7664-049-8
080 ## - NÚMERO DE LA CLASIFICACIÓN DECIMAL UNIVERSAL
Número de la Clasificación Decimal Universal 76 Esteve, Rafael:061.43(460.313 V.)"1986"
245 03 - MENCIÓN DEL TÍTULO
Título El grabador Rafael Esteve, 1772-1847
Resto del título : [exposición preparada por la Real Academia de Bellas Artes de San Fernando y organizada por la Fundación Caja de Pensiones] /
Mención de responsabilidad, etc. [catalogación, Clemente Barrena, cronología, Purificación Nájera].
250 ## - MENCION DE EDICION
Mención de edición 1ª ed.
260 ## - PUBLICACIÓN, DISTRIBUCIÓN, ETC.
Lugar de publicación, distribución, etc. [Valencia] :
Nombre del editor, distribuidor, etc. Fundación Caja de Pensiones,
Fecha de publicación, distribución, etc. 1986.
300 ## - DESCRIPCIÓN FÍSICA
Extensión 133 p. :
Otras características físicas il. ;
Dimensiones 21 x 30 cm.
504 ## - NOTA DE BIBLIOGRAFÍA, ETC.
Nota de bibliografía, etc. Bibliografía: p. 133.
600 17 - PUNTO DE ACCESO ADICIONAL DE MATERIA--NOMBRE DE PERSONA
Nombre de persona Esteve Vilella, Rafael,
Fechas asociadas al nombre 1772-1847-
Subdivisión de forma Exposiciones
Fuente del encabezamiento o término
9 (RLIN) 167312
655 #7 - TERMINO DE INDIZACIÓN--GENERO/FORMA
Fuente del término tgfbne
9 (RLIN) 193628
Datos o término principal de género/forma Catálogos de exposiciones
700 1# - ENTRADA AGREGADA--NOMBRE PERSONAL
Nombre de persona Esteve Vilella, Rafael,
Fechas asociadas al nombre 1772-1847
9 (RLIN) 167313
700 1# - ENTRADA AGREGADA--NOMBRE PERSONAL
Nombre de persona Barrena, Clemente,
Fechas asociadas al nombre 1959-2011
9 (RLIN) 144203
710 2# - ENTRADA AGREGADA--NOMBRE DE ENTIDAD CORPORATIVA
Nombre de entidad corporativa o nombre de jurisdicción como elemento de entrada Real Academia de Bellas Artes de San Fernando.
9 (RLIN) 6291
852 ## - LOCALIZACIÓN
Ubicación ES-MaACL
Número de control de estantería L-32432
942 ## - ELEMENTOS DE ENTRADA SECUNDARIOS (KOHA)
Fuente del sistema de clasificación o colocación Clasificación decimal universal
Holdings
Estatus retirado Estado de pérdida Estado de daño No para préstamo Biblioteca de origen Biblioteca actual Ubicación en estantería Fecha de adquisición Fuente de adquisición Total de préstamos Signatura topográfica completa Código de barras Visto por última vez Precio de reemplazo Tipo de ítem Koha
        Biblioteca del Ateneo de Madrid Biblioteca del Ateneo de Madrid Depósito 2 07/06/2019     L-32432 1200832 23/02/2023 23/02/2023 Libro impreso